000 00875nam a2200253Ia 4500
003 OSt
005 20220923225052.0
006 a|||||r|||| 00| 0
007 ta
008 220922b |||||||| |||| 00| 0 hin d
024 _a256,195
037 _cTextual
040 _aARTS
_cARTS
_bhin
041 _2hin
_ahin
082 _aO152,6vN7, N1
100 _aराठी, वेदवती
_9156291
245 0 _aहिन्दी ललित निबन्ध
_b परम्परा एंव प्रयोग
246 _aHindī lalit nibandha: paramparā eanva prayoga
260 _aअलीगढ़
_b पाठक प्रकाशन
_c1991
300 _a180पृ.
_ccm.
650 _aहिन्दी साहित्य
_9156264
942 _hO152,6vN7, N1
_cTEXL
_2CC
999 _c375825
_d375825